000 01164nas a2200385 4500
001 BR0205250
003 BR-BrBNA
005 20231205103330.0
007 ta
008 230509b bl.|||p| |||| 00| 00por d
040 _aBR-BrBNA
_bpor
_cBiblioteca Nacional de Agricultura
041 _a(Pt)
072 _aL01; L51
100 1 _aSilva, C.A. da
100 1 _aPinheiro, J.W.
100 1 _aFonseca, N.A.N.
100 1 _aCabrera, L.
100 1 _aNovo, V.C.C.
100 1 _aSilva, M.A.A. da
100 1 _aCanteri, R.C.
100 1 _aHoshi, E.H.
245 1 _aFarelo de girassol na alimentação de suínos em crescimento e terminação: digestibilidade, desempenho e efeitos na qualidade de carcaça
650 _aSUÍNO
650 _aCARCAÇA
650 _aGIRASSOL
650 _aQUALIDADE
650 _aFARELO
650 _aCRESCIMENTO
650 _aTERMINAÇÃO
650 _aDIGESTIBILIDADE
650 _aCOMPOSIÇÃO DE ALIMENTO
773 0 _tRevista Brasileira de Zootecnia (Brazil)
_xISSN 1516-3598
_g(Mar-Apr 2002), v. 31(2)Suplemento p. 982-990
_wBR0205250
909 _a202311
_bLúcia
_c55
_dLúcia Elande
942 _2AGRIS
_n0
_cANA
999 _c172312
_d172312